| 000 | 00345nam a2200145Ia 4500 | ||
|---|---|---|---|
| 008 | 230917s9999||||xx |||||||||||||| ||und|| | ||
| 040 |
_e140483 _aMAIN |
||
| 041 | _aEnglish | ||
| 082 | _a658.5 G129O | ||
| 100 | _aGaither, Norman | ||
| 245 | 0 | _aOperations management | |
| 260 |
_aAustralia _bThomson _c2002 |
||
| 300 | _a809p p. | ||
| 942 | _cBK | ||
| 999 |
_c138867 _d138867 |
||